000 00770nam a2200229 ar4500
001 3474
005 20221127090746.0
008 130910s xxu 0001f|eng d
020 _a9781569474891(pbk)
082 0 4 _a839.78
_bT869 2007
100 1 _aTursten, Helene.
245 1 4 _aThe glass devil /
_cHelene Tursten ; translated by Katarina E. Tucker.
260 _aNew York :
_bSoho Press,
_c2007.
300 _a311 p. ;
_c19 cm.
500 _aOriginally published: 2003.
650 4 _aSwedish fiction
_xTranslations into English.
650 4 _aSwedish literature
_y21st century.
650 4 _aEnglish fiction
_xForeign countries.
650 4 _aDetective and mystery stories.
650 4 _aMurder
_xInvestigation
_zSweden.
700 0 _aTucker, Katarina E.,
_etranslator.
999 _c3472
_d3472